书目信息 |
| 题名: |
中国超常儿童心理和教育研究史实
|
|
| 作者: | 查子秀 著 | |
| 分册: | ||
| 出版信息: | 上海 华东师范大学出版社 2019.3 |
|
| 页数: | 253页 | |
| 开本: | 24cm | |
| 丛书名: | ||
| 单 册: | ||
| 中图分类: | G763 | |
| 科图分类: | ||
| 主题词: | 超常儿童--儿童教育--研究--中国 | |
| 电子资源: | ||
| ISBN: | 978-7-5675-7946-0 | |
| 000 | 01002nam0 2200265 45 | |
| 001 | 012001003987 | |
| 005 | 20140926091535.0 | |
| 010 | @a978-7-5675-7946-0@dCNY48.00 | |
| 092 | @aCN@b20190302S-0817 | |
| 099 | @aCAL 012019061309 | |
| 100 | @a20190509d2019 ek y0chiy0110 ea | |
| 101 | 0 | @achi |
| 102 | @aCN@b310000 | |
| 105 | @aak ao 000yy | |
| 106 | @ar | |
| 200 | 1 | @a中国超常儿童心理和教育研究史实@Azhong guo chao chang er tong xin li he jiao yu yan jiu shi shi@e1978-2008@f查子秀著 |
| 210 | @a上海@c华东师范大学出版社@d2019.3 | |
| 215 | @a253页@d24cm | |
| 320 | @a有书目 | |
| 330 | @a全面介绍了中国从无到有摸索开展超常儿童心理与教育研究的整个过程,内容涉及有超常儿童的成长与成才,认知与非智力测验,超常儿童与常态儿童的多维比较、超常儿童教育实验以及跨文化比较等,是对我国超常儿童研究最初20多年研究工作的系统总结。 | |
| 606 | 0 | @a超常儿童@x儿童教育@x研究@y中国 |
| 690 | @aG763@v5 | |
| 701 | 0 | @a查子秀@AZha Zi Xiu@4著 |
| 801 | @aCN@bAHXH@c20210922 | |
| 905 | @b1328834-8@dG763@e329@f5 | |
| 中国超常儿童心理和教育研究史实:1978-2008/查子秀著.-上海:华东师范大学出版社,2019.3 |
| 253页;24cm |
| ISBN 978-7-5675-7946-0:CNY48.00 |
| 全面介绍了中国从无到有摸索开展超常儿童心理与教育研究的整个过程,内容涉及有超常儿童的成长与成才,认知与非智力测验,超常儿童与常态儿童的多维比较、超常儿童教育实验以及跨文化比较等,是对我国超常儿童研究最初20多年研究工作的系统总结。 |
| ● |
| 相关链接 |
|
|
|
|
正题名:中国超常儿童心理和教育研究史实
索取号:G763/329
 
预约/预借
| 序号 | 登录号 | 条形码 | 馆藏地/架位号 | 状态 | 备注 |
| 1 | 1328834 | 213288342 | 第一样本阅览室/ [索取号:G763/329] | 在馆 | |
| 2 | 1328835 | 213288351 | 教育系资料室/ [索取号:G763/329] | 在馆 | |
| 3 | 1328836 | 213288360 | 教育系资料室/ [索取号:G763/329] | 在馆 | |
| 4 | 1328837 | 213288379 | 第四借阅区/ [索取号:G763/329] | 在馆 | |
| 5 | 1328838 | 213288388 | 第四借阅区/ [索取号:G763/329] | 在馆 |